| 000 | 01390nac a22003251u 4500 | ||
|---|---|---|---|
| 010 | _a 99032870 | ||
| 020 | _a0312226233 (cloth) | ||
| 020 | _a0333779118 : | ||
| 082 | 0 | 0 |
_a338.96 _bREN |
| 090 |
_c9461 _d9461 |
||
| 100 | _a20080729 | ||
| 245 | 0 | 0 |
_aRenewing social and economic progress in Africa : essays in memory of Philip Ndegwa / _cedited by Dharam Ghai. |
| 260 |
_aNew York : _bSt. Martin's Press, in association with UNRISD,2000. _cc2000. |
||
| 300 |
_axv, 324 p. : _bill. ; _c25 cm. |
||
| 500 | _aDistributer: Al-Ahram | ||
| 504 | _aIncludes bibliographical references and index. | ||
| 511 | _aCatalogued by: Sara | ||
| 600 | 1 | 0 | _aNdegwa, Philip. |
| 650 | _aAfrica | ||
| 651 | 0 |
_aAfrica _xEconomic conditions. |
|
| 651 | 0 |
_aAfrica _xSocial conditions. |
|
| 651 | 0 |
_aAfrica _xPolitics and government. |
|
| 700 | 1 | _aGhai, Dharam P. | |
| 710 | 2 | _aUnited Nations Research Institute for Social Development. | |
| 856 | 4 | 2 |
_3Contributor biographical information _uhttp://www.loc.gov/catdir/bios/hol057/99032870.html |
| 856 | 4 | 2 |
_3Publisher description _uhttp://www.loc.gov/catdir/description/hol056/99032870.html |
| 856 | 4 | 2 |
_3Table of contents _uhttp://www.loc.gov/catdir/toc/hol053/99032870.html |
| 942 |
_cBB _k338.96REN |
||
| 999 |
_c9461 _d9461 |
||